| 000 | 00390nam a2200121Ia 4500 | ||
|---|---|---|---|
| 008 | 220204s9999 xx 000 0 und d | ||
| 082 |
_a31:63 _bPAT |
||
| 100 | _aPATERSON, D D | ||
| 245 | 0 | _aStatistical technique in agricultural research: A simple exposition of practice and procedure in biometry | |
| 260 |
_aNew York _bMcGraw Hill _c1939 |
||
| 650 | _aAgricultural statistics | ||
| 942 | _cBK | ||
| 999 |
_c19377 _d19377 |
||